Представление документа в формате RUSMARC

ПолеНазваниеЗначение
  Тип записи a
  Библиографический уровень m
001 Контрольный номер SKBR/e621d78c-3b38-42f0-8c4c-92947a0bf698
005 Дата корректировки 20260515121340.6
010 Индекс ISBN __
a ISBN 978-5-17-175726-7
9 Тираж 9000 экз.
b Уточнения в пер.
035 Другие системные номера __
a Идентификатор записи RU\NLR\BIBL_A\022638444
100 Данные общей обработки __
a Данные общей обработки 20251007d2026 m y0rusy028902 ca
101 Язык документа 0_
a Язык текста rus
102 Страна публикации __
a Страна публикации RU
105 Кодированные данные (монография) __
a Кодированные данные (монография) a z 000yy
181 Поле кодированных данных: вид содержания _0
a Код вида содержания (ISBD) i
182 Поле кодированных данных: тип средства _0
a Код типа средства (ISBD) n
200 Заглавие и сведения об ответственности 1_
a Заглавие Лемнер
f Первые сведения об ответственности Александр Проханов
e Сведения, относящиеся к заглавию [роман]
203 Вид содержания и тип средства __
a Вид содержания Текст
c Тип средства непосредственный
210 Выходные данные 1_
a Место издания Москва
c Издательство КПД
c Издательство АСТ
d Дата издания 2026
215 Физическое описание __
a Объем 477, [1] с., [8] л. ил.
d Формат 21 см
c Иллюстрации/тип воспроизводства фот., ил., портр., факс.
225 Серия 1_
a Серия Русская реконкиста
330 Аннотация __
a Аннотация Русский постмодернизм - переосмысленный, но по-прежнему беспощадный - наконец-то находит серьёзную тему и настоящего героя. Новый роман Александра Андреевича Проханова посвящён авантюрам, подвигам, неистовым страстям, чудовищным злодеяниям Михаила Лемнера - персонажа русской истории, который не раз выходил на авансцену то Степаном Разиным, то Емельяном Пугачёвым, а то героями Русской Весны. Лемнер напоминает Евгения Пригожина - создателя ЧВК "Вагнер", ярчайшего персонажа наших дней.
333 Примечание о целевом назначении __
a Примечание о целевом назначении 18+. Запрещено для детей
606 Тематические рубрики __
2 Код системы nlr_sh
a Основная рубрика Художественная литература
606 Тематические рубрики __
2 Код системы nlr_sh
a Основная рубрика Современная русская литература (произведения)
y Географическая подрубрика Россия
610 Ключевые слова 0_
a Ключевые слова современная проза
610 Ключевые слова 0_
a Ключевые слова русская литература
610 Ключевые слова 0_
a Ключевые слова романы
610 Ключевые слова 0_
a Ключевые слова постмодернизм
610 Ключевые слова 0_
a Ключевые слова тема специальной военной операции
610 Ключевые слова 0_
a Ключевые слова тема политики
610 Ключевые слова 0_
a Ключевые слова русский постмодернизм
610 Ключевые слова 0_
a Ключевые слова ЧВК
610 Ключевые слова 0_
a Ключевые слова вагнеровцы
610 Ключевые слова 0_
a Ключевые слова тема ЧВК Вагнер
610 Ключевые слова 0_
a Ключевые слова тема вагнеровцев
610 Ключевые слова 0_
a Ключевые слова прототипы персонажей
610 Ключевые слова 0_
a Ключевые слова тема политики
610 Ключевые слова 0_
a Ключевые слова тема современной России
610 Ключевые слова 0_
a Ключевые слова тема русской истории
610 Ключевые слова 0_
a Ключевые слова книги о войне
610 Ключевые слова 0_
a Ключевые слова тема войны
686 Индексы других классификаций __
a Классификационный индекс 84(2=411.2)6-445
2 Код системы rubbks
700 Автор _1
a Фамилия Проханов
b Имя А. А.
f Даты 1938-
g Полное личное имя Александр Андреевич
4 Код отношения 070
801 Источник записи _0
a Страна RU
b Организация NLR
c Дата составления 20251007
g Правила каталогизации PSBO
801 Источник записи _1
a Страна RU
b Организация NLR
c Дата составления 20251007
g Правила каталогизации PSBO
801 Источник записи _2
a Страна RU
b Организация NLR
c Дата составления 20260102
2 Код формата rusmarc
g Правила каталогизации PSBO
852 Данные о местонахождении __
i Авторский знак П 84
j Шифр хранения 84(2=411.2)6-445
900 Макрообъекты __
a Макрообъекты Лемнер. Проханов, А., 2026
901 Тип документа __
a Ответственный ООФиК/Губина
t Тип документа m
901 Тип документа __
a Ответственный без партии
903 Характеристики (МАРС) __
a Дата передачи 20260513
c Наименование библиотеки (МАРС) Муниципальное бюджетное учреждение культуры "Централизованная библиотечная система" г. Сургут (Центральная городская библиотека им. А. С. Пушкина)